Propositions de la délégation hongroise au Conseil général de l'union internationale des associations pour la Société des Nations session de Budapest, 20-22 octobre 1922

Elmentve itt :
Bibliográfiai részletek
Dokumentumtípus: Cikk
Megjelent: 1923
Sorozat:Kolligátum
Kulcsszavak:Egyesült Nemzetek Szervezete
Online Access:http://misc.bibl.u-szeged.hu/23404
LEADER 00635nab a2200157 i 4500
001 misc23404
005 20191111110514.0
008 170724s1923 hu o 0|| zxx d
040 |a SZTE Miscellanea Repozitórium  |b hun 
041 |a zxx 
245 0 0 |a Propositions de la délégation hongroise au Conseil général de l'union internationale des associations pour la Société des Nations   |h [elektronikus dokumentum] :  |b session de Budapest, 20-22 octobre 1922 
260 |c 1923 
300 |a 1-28 
490 0 |a Kolligátum 
695 |a Egyesült Nemzetek Szervezete 
856 4 0 |u http://misc.bibl.u-szeged.hu/23404/1/87572_001-028.pdf  |z Dokumentum-elérés